Watson's clinical nursing and related sciences / (Record no. 7457)

MARC details
000 -LEADER
fixed length control field 02582cam a2200325 4500
001 - CONTROL NUMBER
control field 8605
005 - DATE AND TIME OF LATEST TRANSACTION
control field 20181127190343.0
008 - FIXED-LENGTH DATA ELEMENTS--GENERAL INFORMATION
fixed length control field 020125s2002 stka b 001 0 eng
010 ## - LIBRARY OF CONGRESS CONTROL NUMBER
LC control number 2002001338
020 ## - INTERNATIONAL STANDARD BOOK NUMBER
International Standard Book Number 0702026077 (pbk.)
082 00 - DEWEY DECIMAL CLASSIFICATION NUMBER
Classification number 610.73
Edition number 21
100 ## - MAIN ENTRY--PERSONAL NAME
Personal name Walsh, Mike.
Numeration
Titles and words associated with a name
Dates associated with a name
Relator term editor
Fuller form of name
245 00 - TITLE STATEMENT
Title Watson's clinical nursing and related sciences /
Statement of responsibility, etc. edited by Mike Walsh.
246 30 - VARYING FORM OF TITLE
Title proper/short title Clinical nursing and related sciences
250 ## - EDITION STATEMENT
Edition statement 6th ed.
260 ## - PUBLICATION, DISTRIBUTION, ETC.
Place of publication, distribution, etc. Edinburgh ;
-- New York :
Name of publisher, distributor, etc. Bailli�re Tindall,
Date of publication, distribution, etc. 2002.
300 ## - PHYSICAL DESCRIPTION
Extent xix, 1038 p. :
Other physical details ill. (some col.) ;
Dimensions 28 cm.
504 ## - BIBLIOGRAPHY, ETC. NOTE
Bibliography, etc. note Includes bibliographical references and index.
505 ## - FORMATTED CONTENTS NOTE
Formatted contents note CONTENTS : Section 1 The context of care *The nature of nursing *Therapeutic communication and nursing practice *Ageing and health *Death, grief and loss *Primary health care and working with patients with long-term conditions Section 2 Key clinical principles *Principles of pharmacology *Non-medical prescribing *The management of pain *Infection and disease *Clinical investigations Section 3 Specific patient groups *Caring for the patient with cancer *Caring for the patient with a cardiovascular disorder *Caring for the patient with a respiratory disorder *Caring for the patient with a haematological disorder *Caring for the patient with a disorder of the gastrointestinal system *Caring for the patient with a liver, biliary tract or exocrine pancreas disorder *Caring for the patient with a nutritional disorder *Caring for the patient with a disorder of the endocrine system *Caring for the patient with a disorder of the renal system *Caring for the patient with a disorder of the nervous system *Caring for the patient with a disorder of the senses *Caring for the patient with a disorder of the male reproductive system *Caring for the patient with a female reproductive system disorder *Caring for the patient with a disorder of the musculoskeletal system *Caring for the patient with a skin disorder *Caring for the patient with substance misuse or self-harm Appendix 1: Resuscitation Guidelines Appendix 2: Evidence-Based Practice: The Top 20 Things You Most Need to Know Index
Miscellaneous information
Statement of responsibility
Title
650 #0 - SUBJECT ADDED ENTRY--TOPICAL TERM
Topical term or geographic name entry element Nursing.
Topical term or geographic name entry element Physiology, Pathological.
Topical term or geographic name entry element Surgical nursing.
Topical term or geographic name entry element Nursing Care.
Topical term or geographic name entry element Perioperative Nursing.
Topical term or geographic name entry element Physiology
Form subdivision Nurses' Instruction.
700 1# - ADDED ENTRY--PERSONAL NAME
Personal name Walsh, Mike,
Titles and other words associated with a name SRN.
Personal name Watson, Jeannette E.
710 2# - ADDED ENTRY--CORPORATE NAME
Corporate name or jurisdiction name as entry element Royal College of Nursing (Great Britain)
Holdings
Withdrawn status Lost status Source of classification or shelving scheme Damaged status Not for loan Collection code Home library Current library Shelving location Date acquired Serial Enumeration / chronology Inventory number Total Checkouts Total Renewals Full call number Barcode Date last seen Date last checked out Price effective from Koha item type
    Dewey Decimal Classification     Main TEST RTC Library RTC Library Main opac 13/08/2021 13082 9 4 610.73 WAL 30013345 10/12/2025 14/08/2025 27/11/2018 Main
Royal Thimphu College || All Right Reserved